Antología mínima

Saved in:
Bibliographic Details
Main Author: Mailer, Norman (autor)
Format: Book
Language:Spanish
Published: Buenos Aires Tiempo Contemporáneo 1969
Edition:1a. ed
Series:Colección Números, 5
Subjects:
Tags: Add Tag
No Tags, Be the first to tag this record!

MARC

LEADER 00000cam a2200000 a 4500
001 UCE2744
003 CL-VaPUC
008 140724e19690000ag |||||||||||||||||spa|d
082 0 4 |a 813  |b MAI  |2 21 
100 |a Mailer, Norman  |e autor  |9 599558 
245 1 0 |a Antología mínima 
250 |a 1a. ed 
300 |a 131 p 
942 |c BK 
945 |d 20140724 10:48:00  |a dcastane 
260 |a Buenos Aires  |b Tiempo Contemporáneo  |c 1969 
650 0 |a Novelas estadounidenses  |9 265217 
650 0 |a Literatura estadounidense  |9 317168 
583 |a last modification  |c 20140724 10:48:00  |k Rodrigo Vera 
490 0 |a Colección Números, 5 
999 |c 356319  |d 356317 
952 |0 0  |1 0  |3 erb  |4 0  |6 813_000000000000000_MAI_1969  |7 0  |8 A  |9 463589  |a BIBART  |b BIBART  |i 5043271  |o 813 MAI 1969  |p 5043271  |r 2025-03-13  |w 2019-11-23  |y BK  |z Catalogado en:20140724  |k ART